Principles of linguistic change / (Record no. 563)

000 -LEADER
fixed length control field 00891cam a2200277 a 4500
001 - CONTROL NUMBER
control field 1092427
003 - CONTROL NUMBER IDENTIFIER
control field OSt
005 - DATE AND TIME OF LATEST TRANSACTION
control field 20140116120831.0
008 - FIXED-LENGTH DATA ELEMENTS--GENERAL INFORMATION
fixed length control field 920211m19929999enka b 000 0 eng
010 ## - LIBRARY OF CONGRESS CONTROL NUMBER
LC control number 92115935
020 ## - INTERNATIONAL STANDARD BOOK NUMBER
International Standard Book Number 9780631179160 (v. 2.) :
040 ## - CATALOGING SOURCE
Transcribing agency DLC
050 00 - LIBRARY OF CONGRESS CALL NUMBER
Classification number P142.L33 2010
100 1# - MAIN ENTRY--PERSONAL NAME
Personal name Labov, William.
245 10 - TITLE STATEMENT
Title Principles of linguistic change /
Statement of responsibility, etc William Labov.
260 ## - PUBLICATION, DISTRIBUTION, ETC. (IMPRINT)
Place of publication, distribution, etc Oxford :
Name of publisher, distributor, etc Wiley- Blackwell,
Date of publication, distribution, etc 2010.
300 ## - PHYSICAL DESCRIPTION
Extent v. 2 :
Other physical details ill.
490 1# - SERIES STATEMENT
Series statement Language in society
504 ## - BIBLIOGRAPHY, ETC. NOTE
Bibliography, etc Includes bibliographical references and index.
505 1# - FORMATTED CONTENTS NOTE
Formatted contents note v. 2. Social factors
650 #0 - SUBJECT ADDED ENTRY--TOPICAL TERM
Topical term or geographic name as entry element Linguistic change.
830 #0 - SERIES ADDED ENTRY--UNIFORM TITLE
Uniform title Language in society (Oxford, England) ;
906 ## - LOCAL DATA ELEMENT F, LDF (RLIN)
a 7
b cbc
c orignew
d 2
e ncip
f 19
g y-gencatlg
942 ## - ADDED ENTRY ELEMENTS (KOHA)
Source of classification or shelving scheme
Koha item type Book
Holdings
Withdrawn status Lost status Source of classification or shelving scheme Damaged status Not for loan Home library Current library Date acquired Source of acquisition Total Checkouts Full call number Barcode Date last seen Copy number Price effective from Koha item type
          Riara University Library Riara University Library 24/10/2011 Purchase   P142.L33 2010 V.2 2648/11 24/10/2011 C.1 24/10/2011 Book
          Riara University Library Riara University Library 24/10/2011 Purchase   P142.L33 2010 V.2 2650/11 24/10/2011 C.2 24/10/2011 Book
          Riara University Library Riara University Library 24/10/2011 Purchase   P142.L33 2010 V.2 2649/11 24/10/2011 C.3 24/10/2011 Book

Riara University Library,
P.O. Box 49940-00100,
Nairobi, Kenya.